Contabilidad social y ambiental: educación ambiental y cambio climático (Registro nro. 12696)

Detalles MARC
000 -LEADER
fixed length control field 00382 a2200121 4500
001 - CONTROL NUMBER
control field ART_54844
005 - DATE AND TIME OF LATEST TRANSACTION
control field 20260410161634.0
008 - FIXED-LENGTH DATA ELEMENTS--GENERAL INFORMATION
fixed length control field 260409a
100 1# - MAIN ENTRY--PERSONAL NAME
Personal name Geba, Norma Beatriz
245 10 - TITLE STATEMENT
Title Contabilidad social y ambiental: educación ambiental y cambio climático
700 1# - ADDED ENTRY--PERSONAL NAME
Personal name Bifaretti, Marcela Claudia
773 0# - HOST ITEM ENTRY
Title Enfoques
Related parts - N°10 (oct. 2021)
Record control number REV416

No hay ítems disponibles.